[Event "Ricany op"]
[Site "Ricany"]
[Date "2023.08.29"]
[Round "5"]
[White "Sedlak, Milan"]
[Black "Pecka, Jan"]
[Result "1/2-1/2"]
[WhiteElo "1785"]
[BlackElo "2004"]
[PlyCount "65"]
[EventDate "2023.08.26"]
[EventType "swiss"]
[EventRounds "9"]
[EventCountry "CZE"]
[SourceTitle "EXT 2024"]
[Source "ChessBase"]
[SourceDate "2023.10.10"]
[SourceVersion "1"]
[SourceVersionDate "2023.10.10"]
[SourceQuality "1"]

1. Nf3 Nc6 2. c4 e5 3. Nc3 Bb4 4. g3 d6 5. Bg2 f5 6. 0-0 Nf6 7. d4 Bxc3 8. bxc3 0-0 9. e3 Qe8 10. a4 e4 11. Nd2 Na5 12. Ba3 Qf7 13. Qe2 b6 14. Bb4 Nb7 15. c5 dxc5 16. dxc5 Rd8 17. f3 a5 18. Ba3 Nxc5 19. Bxc5 Ba6 20. c4 bxc5 21. fxe4 fxe4 22. Rf4 Qxc4 23. Qe1 Rab8 24. Nxe4 Nxe4 25. Bxe4 Qe6 26. Rb1 Bc4 27. Bxh7+ Kxh7 28. Rxc4 g6 29. Rbc1 Rd5 30. e4 Rd4 31. Rxc5 Qxe4 32. Rxc7+ Kh6 33. Qxe4 1/2-1/2

[Event "Ricany op"]
[Site "Ricany"]
[Date "2023.08.27"]
[Round "3"]
[White "Sedlak, Milan"]
[Black "Svadlenka, Dominik"]
[Result "0-1"]
[WhiteElo "1785"]
[BlackElo "1515"]
[PlyCount "56"]
[EventDate "2023.08.26"]
[EventType "swiss"]
[EventRounds "9"]
[EventCountry "CZE"]
[SourceTitle "EXT 2024"]
[Source "ChessBase"]
[SourceDate "2023.10.10"]
[SourceVersion "1"]
[SourceVersionDate "2023.10.10"]
[SourceQuality "1"]

1. Nf3 Nf6 2. c4 e6 3. g3 d5 4. Bg2 Be7 5. 0-0 0-0 6. b3 b6 7. Bb2 Bb7 8. d4 Nbd7 9. Nc3 c5 10. e3 Rc8 11. cxd5 Nxd5 12. Rc1 cxd4 13. exd4 N7f6 14. Re1 Nxc3 15. Rxc3 Rxc3 16. Bxc3 Nd5 17. Qd2 a5 18. Rd1 Qa8 19. Ba1 Nb4 20. Ne1 Rc8 21. Bf1 Bd5 22. Rb1 h6 23. a3 Be4 24. Rc1 Nd5 25. Bb2 Bg5 26. f4 Be7 27. Bd3 Bxd3 28. Nxd3 Qb7 0-1

[Event "CZE-chT2C 2223"]
[Site "Czech Republic"]
[Date "2023.03.26"]
[Round "11.5"]
[White "Sedlak, Milan"]
[Black "Vokolek, Jaroslav"]
[Result "1/2-1/2"]
[WhiteElo "1741"]
[BlackElo "1892"]
[PlyCount "46"]
[EventDate "2022.10.16"]
[EventType "team-tourn"]
[EventRounds "11"]
[EventCountry "CZE"]
[SourceTitle "EXT 2024"]
[Source "ChessBase"]
[SourceDate "2023.10.10"]
[SourceVersion "1"]
[SourceVersionDate "2023.10.10"]
[SourceQuality "1"]
[WhiteTeam "Lysa nad Labem"]
[BlackTeam "Kutna Hora"]
[WhiteTeamCountry "CZE"]
[BlackTeamCountry "CZE"]

1. Nf3 Nf6 2. g3 d5 3. Bg2 Bf5 4. 0-0 e6 5. d3 Be7 6. Nbd2 Nbd7 7. Re1 h6 8. e4 dxe4 9. dxe4 Bh7 10. a3 0-0 11. e5 Nd5 12. Ne4 Nc5 13. Nxc5 Bxc5 14. b4 Be7 15. Bb2 c6 16. Qe2 Qc7 17. Rad1 Rad8 18. Nd2 a5 19. c4 Nb6 20. b5 Na4 21. Ne4 Nxb2 22. Qxb2 cxb5 23. cxb5 Qb6 1/2-1/2

[Event "Mid Bohemia Region-chT 2223"]
[Site "Czech Republic"]
[Date "2023.01.15"]
[Round "6.5"]
[White "Valtera, Jiri"]
[Black "Sedlak, Milan"]
[Result "1/2-1/2"]
[WhiteElo "1795"]
[BlackElo "1766"]
[PlyCount "73"]
[EventDate "2022.10.09"]
[EventType "team-tourn"]
[EventRounds "11"]
[EventCountry "CZE"]
[SourceTitle "EXT 2024"]
[Source "ChessBase"]
[SourceDate "2023.10.10"]
[SourceVersion "1"]
[SourceVersionDate "2023.10.10"]
[SourceQuality "1"]
[WhiteTeam "Odolena Voda Aero"]
[BlackTeam "Lysa nad Labem Joly IV"]
[WhiteTeamCountry "CZE"]
[BlackTeamCountry "CZE"]

1. d4 g6 2. Nf3 Nf6 3. Bf4 Bg7 4. e3 d6 5. Bd3 0-0 6. Nbd2 Nbd7 7. 0-0 Re8 8. e4 e5 9. dxe5 dxe5 10. Be3 Ng4 11. Bg5 Bf6 12. Bxf6 Ngxf6 13. Qe2 Nh5 14. Qe3 Kg7 15. Rfe1 f6 16. Rad1 Nf4 17. Bf1 Qe7 18. g3 Ne6 19. a3 b6 20. h4 Bb7 21. Bc4 Rad8 22. b4 Ndf8 23. Nb3 Rxd1 24. Rxd1 Rd8 25. Rxd8 Qxd8 26. Qd3 Qxd3 27. Bxd3 Kf7 28. c3 Ke7 29. Nfd2 Nd7 30. f3 c5 31. Kf2 h6 32. Nf1 a6 33. Bc4 f5 34. exf5 gxf5 35. Ne3 Kf6 36. Bd5 Bxd5 37. Nxd5+ 1/2-1/2